[Event "Gibraltar Chess Festival 2017 - Masters"]
[Site "Gibraltar ENG"]
[Date "2017.01.25"]
[Round "2.111"]
[White "Herbold, Manfred"]
[Black "Slinger, Tony J"]
[Result "1/2-1/2"]
[WhiteElo "2198"]
[BlackElo "1911"]
[PlyCount "123"]
[EventDate "2017.01.24"]
[EventType "swiss"]
[EventRounds "10"]
[EventCountry "ENG"]
[SourceTitle "Ajedrez en Madrid"]
[Source "lmi"]
[SourceDate "2017.01.24"]

1. f4 d5 2. b3 Nf6 3. Bb2 g6 4. Nf3 Bg7 5. e3 O-O 6. Be2 c6 7. O-O Re8 8. Qe1
Bg4 9. Qh4 Bxf3 10. Rxf3 Nbd7 11. g4 Nf8 12. g5 Ne4 13. Bxg7 Kxg7 14. d3 Nd6
15. Nd2 f5 16. d4 e6 17. c4 Kg8 18. Qe1 Re7 19. h4 Kf7 20. Rh3 Ke8 21. Nf3 Nf7
22. h5 Qc7 23. c5 Kd7 24. hxg6 hxg6 25. b4 Ke8 26. b5 Nd8 27. a4 Rh7 28. Rxh7
Qxh7 29. Kg2 Qc7 30. Qb4 Nf7 31. a5 Rb8 32. Rb1 Nd7 33. Nh4 Nh8 34. Rh1 Nf8 35.
Nxf5 exf5 36. Rxh8 Kf7 37. b6 axb6 38. cxb6 Qe7 39. Qxe7+ Kxe7 40. Rh1 Ra8 41.
a6 bxa6 42. b7 Rb8 43. Bxa6 Kd6 44. Rc1 Ne6 45. Rb1 Kc7 46. Kf3 Nd8 47. Rb2
Nxb7 48. Bxb7 Rxb7 49. Rh2 Kd6 50. Rh8 Re7 51. Rd8+ Kc7 52. Rf8 Re6 53. Rf7+
Kd6 54. Ra7 Re7 55. Ra8 Re6 56. Ke2 Kc7 57. Kd3 Kd7 58. Ra7+ Kd8 59. Rh7 Ke8
60. Rh3 Kd7 61. Kc3 Kc7 62. Kb4 1/2-1/2

[Event "Gibraltar Chess Festival 2017 - Masters"]
[Site "Gibraltar ENG"]
[Date "2017.01.25"]
[Round "2.112"]
[White "Winter, Kevin"]
[Black "Derakhshani, Borna"]
[Result "0-1"]
[WhiteElo "1818"]
[BlackElo "2195"]
[PlyCount "82"]
[EventDate "2017.01.24"]
[EventType "swiss"]
[EventRounds "10"]
[EventCountry "ENG"]
[SourceTitle "Ajedrez en Madrid"]
[Source "lmi"]
[SourceDate "2017.01.24"]

1. e4 e5 2. Nf3 Nc6 3. Be2 Bc5 4. d3 Nge7 5. Nbd2 d6 6. c3 O-O 7. b4 Bb6 8. a4
a5 9. b5 Nb8 10. O-O Ng6 11. Nc4 Ba7 12. d4 exd4 13. cxd4 Re8 14. Qc2 Bg4 15.
h3 Bxf3 16. Bxf3 Bxd4 17. Bb2 Bxb2 18. Qxb2 Nd7 19. b6 Nxb6 20. Nxb6 cxb6 21.
e5 dxe5 22. Bxb7 Rb8 23. Rfd1 Qg5 24. Qb5 Nf4 25. Kh2 Re6 26. Qd7 h6 27. Be4
Qh4 28. Ra3 Nxh3 29. Bh7+ Kxh7 30. Rxh3 Qf4+ 31. Kg1 e4 32. Rg3 Rf6 33. Qd4 Re8
34. Rb1 Ree6 35. Rf1 Rg6 36. Rxg6 Rxg6 37. g3 Qf3 38. Re1 Re6 39. Re3 Qf5 40.
Qd8 Rc6 41. Kg2 Rc2 0-1

[Event "Gibraltar Chess Festival 2017 - Masters"]
[Site "Gibraltar ENG"]
[Date "2017.01.25"]
[Round "2.113"]
[White "Tscharotschkin, Michael"]
[Black "Koes, Richard"]
[Result "1-0"]
[WhiteElo "2190"]
[BlackElo "1830"]
[PlyCount "77"]
[EventDate "2017.01.24"]
[EventType "swiss"]
[EventRounds "10"]
[EventCountry "ENG"]
[SourceTitle "Ajedrez en Madrid"]
[Source "lmi"]
[SourceDate "2017.01.24"]

1. d4 Nf6 2. Nf3 c5 3. e3 g6 4. c3 cxd4 5. exd4 Bg7 6. Bd3 d5 7. Bf4 O-O 8.
Nbd2 Nc6 9. O-O Nh5 10. Bg3 Nxg3 11. hxg3 e5 12. dxe5 Nxe5 13. Nxe5 Bxe5 14.
Nf3 Bg7 15. Qa4 Bd7 16. Bb5 Be6 17. Rad1 a6 18. Be2 b5 19. Qf4 Qb6 20. a3 a5
21. Nd4 b4 22. axb4 axb4 23. Nxe6 fxe6 24. Qxb4 Qxb4 25. cxb4 Bxb2 26. Bg4 Rf6
27. Rfe1 Kf7 28. Rd3 Ra1 29. Rxa1 Bxa1 30. b5 Ke7 31. b6 Kd6 32. Rb3 Rf8 33. b7
Rb8 34. Rb6+ Kc5 35. Rb1 Be5 36. Bxe6 Rd8 37. Rc1+ Kd6 38. Bc8 Ke7 39. Re1 1-0

[Event "Gibraltar Chess Festival 2017 - Masters"]
[Site "Gibraltar ENG"]
[Date "2017.01.25"]
[Round "2.114"]
[White "Murray, J Stephen"]
[Black "Osuna Vega, Enrique"]
[Result "0-1"]
[WhiteElo "1789"]
[BlackElo "2181"]
[PlyCount "78"]
[EventDate "2017.01.24"]
[EventType "swiss"]
[EventRounds "10"]
[EventCountry "ENG"]
[SourceTitle "Ajedrez en Madrid"]
[Source "lmi"]
[SourceDate "2017.01.24"]

1. e4 c5 2. Be2 Nc6 3. f4 d6 4. Nf3 g6 5. O-O Bg7 6. c3 e6 7. d3 Nge7 8. Qe1 d5
9. e5 h5 10. Na3 Nf5 11. Nc2 d4 12. c4 O-O 13. b4 cxb4 14. Nxb4 Bd7 15. Rb1
Nxb4 16. Qxb4 Bc6 17. Qe1 Re8 18. Ng5 Bf8 19. Bf3 Be7 20. Bxc6 bxc6 21. Ne4 Rb8
22. Bd2 Qc7 23. Qe2 Rxb1 24. Rxb1 Rb8 25. Qe1 Rb7 26. Qd1 Kg7 27. Kf2 Rb6 28.
Rb3 Qb7 29. Qb1 Qa6 30. Qb2 h4 31. g4 hxg3+ 32. hxg3 Rxb3 33. Qxb3 Qc8 34. Qa4
Qh8 35. Qxa7 Qh2+ 36. Kf3 Bh4 37. gxh4 Nxh4+ 38. Kg4 Nf5 39. Qa5 Qh5# 0-1

[Event "Gibraltar Chess Festival 2017 - Masters"]
[Site "Gibraltar ENG"]
[Date "2017.01.25"]
[Round "2.115"]
[White "Alberto, Manuel"]
[Black "Gravett, Alan D"]
[Result "1-0"]
[WhiteElo "2168"]
[BlackElo "1820"]
[PlyCount "45"]
[EventDate "2017.01.24"]
[EventType "swiss"]
[EventRounds "10"]
[EventCountry "ENG"]
[SourceTitle "Ajedrez en Madrid"]
[Source "lmi"]
[SourceDate "2017.01.24"]

1. e4 c5 2. Nf3 Nf6 3. e5 Nd5 4. Nc3 e6 5. Bc4 d6 6. exd6 Bxd6 7. Ne4 Be7 8.
O-O O-O 9. d3 Nd7 10. Re1 N7f6 11. Qe2 Qc7 12. a4 b6 13. Bg5 Bb7 14. Ned2 a6
15. Ne5 Nd7 16. Bxe7 Nxe7 17. Nxf7 Rxf7 18. Qxe6 Qf4 19. Qxf7+ Qxf7 20. Rxe7
Bd5 21. Rxf7 Bxf7 22. Bxf7+ Kxf7 23. Nc4 1-0

[Event "Gibraltar Chess Festival 2017 - Masters"]
[Site "Gibraltar ENG"]
[Date "2017.01.25"]
[Round "2.116"]
[White "Ford, Clifton P"]
[Black "Veltkamp, Gerben"]
[Result "0-1"]
[WhiteElo "1781"]
[BlackElo "2166"]
[PlyCount "80"]
[EventDate "2017.01.24"]
[EventType "swiss"]
[EventRounds "10"]
[EventCountry "ENG"]
[SourceTitle "Ajedrez en Madrid"]
[Source "lmi"]
[SourceDate "2017.01.24"]

1. d4 d5 2. c4 dxc4 3. Nf3 Nf6 4. e3 Bg4 5. Bxc4 e6 6. Nc3 Nbd7 7. O-O Bd6 8.
e4 e5 9. Be3 O-O 10. h3 Bh5 11. Rc1 a6 12. Be2 Bg6 13. Nxe5 Nxe4 14. Nxg6 Nxc3
15. Rxc3 hxg6 16. Bf3 c6 17. Qb3 Qc7 18. Rfc1 Rae8 19. Qc2 Qa5 20. a3 Nf6 21.
Rb3 Re7 22. Rc3 Rfe8 23. b4 Qf5 24. Qxf5 gxf5 25. Kf1 Ne4 26. Rd3 Ng3+ 27. Kg1
f4 28. Bd2 Ne2+ 29. Bxe2 Rxe2 30. d5 cxd5 31. Rxd5 Bb8 32. Kf1 Ba7 33. Be1 Ra2
34. Rd7 Ree2 35. Rxb7 Bxf2 36. Rd7 Bxe1 37. Rxe1 Rf2+ 38. Kg1 Rxg2+ 39. Kh1
Rh2+ 40. Kg1 Rag2+ 0-1

[Event "Gibraltar Chess Festival 2017 - Masters"]
[Site "Gibraltar ENG"]
[Date "2017.01.25"]
[Round "2.117"]
[White "Dolzhikova, Olga"]
[Black "Christophe-Hayot, Romain"]
[Result "1/2-1/2"]
[WhiteElo "2164"]
[BlackElo "1784"]
[PlyCount "54"]
[EventDate "2017.01.24"]
[EventType "swiss"]
[EventRounds "10"]
[EventCountry "ENG"]
[SourceTitle "Ajedrez en Madrid"]
[Source "lmi"]
[SourceDate "2017.01.24"]

1. e4 d5 2. exd5 Nf6 3. c4 c6 4. d4 cxd5 5. Nc3 e6 6. Nf3 Bb4 7. Qa4+ Nc6 8.
Ne5 Bxc3+ 9. bxc3 Bd7 10. Nxd7 Nxd7 11. c5 O-O 12. Bd2 Qh4 13. Qb5 Rab8 14. Bd3
e5 15. Be3 exd4 16. cxd4 Nf6 17. g3 Qg4 18. h3 Qf3 19. O-O Rfe8 20. Be2 Qe4 21.
Rad1 Qf5 22. Kh2 Re7 23. Bf4 Rbe8 24. Bd3 Qh5 25. Bd6 Nxd4 26. Bxh7+ Nxh7 27.
Rxd4 Ng5 1/2-1/2

[Event "Gibraltar Chess Festival 2017 - Masters"]
[Site "Gibraltar ENG"]
[Date "2017.01.25"]
[Round "2.118"]
[White "Robles, Bryan"]
[Black "Gonzalez Gonzalez, Alfonso"]
[Result "0-1"]
[WhiteElo "1711"]
[BlackElo "2162"]
[PlyCount "184"]
[EventDate "2017.01.24"]
[EventType "swiss"]
[EventRounds "10"]
[EventCountry "ENG"]
[SourceTitle "Ajedrez en Madrid"]
[Source "lmi"]
[SourceDate "2017.01.24"]

1. d4 Nf6 2. c4 e6 3. Nc3 Bb4 4. Qc2 b6 5. e4 Bxc3+ 6. bxc3 Bb7 7. Bd3 d6 8.
Nf3 Nc6 9. O-O e5 10. h3 Qe7 11. Be3 Nd7 12. Qe2 Na5 13. Nd2 g5 14. Nb3 Nc6 15.
d5 Nd8 16. a4 a5 17. g3 Rg8 18. Kh2 f6 19. Qh5+ Nf7 20. Qg4 Nf8 21. f4 h5 22.
Qf3 exf4 23. gxf4 g4 24. hxg4 hxg4 25. Qg3 Rh8+ 26. Kg2 Rh3 27. Qf2 Ng6 28. Rh1
Rf3 29. Qd2 f5 30. Nd4 Nh4+ 31. Rxh4 Qxh4 32. Nxf3 Qh3+ 33. Kg1 gxf3 34. Qh2
f2+ 35. Qxf2 O-O-O 36. Bf1 Rg8+ 37. Bg2 Rxg2+ 38. Qxg2 Qxe3+ 39. Kf1 Qxc3 40.
Re1 Qxc4+ 41. Kg1 Qd4+ 42. Kh2 Qxa4 43. Qg6 Qd7 44. exf5 Bxd5 45. f6 Qa4 46.
Qf5+ Kb8 47. Qxd5 Qxf4+ 48. Kg1 Qxf6 49. Re8+ Nd8 50. Qg8 Kc8 51. Qg4+ Kb7 52.
Qg8 Nc6 53. Ra8 Qf5 54. Rf8 Qc5+ 55. Kf1 d5 56. Qf7 Qc4+ 57. Kg1 Qd4+ 58. Kh2
Qe5+ 59. Kg1 Qe7 60. Qf5 Qg7+ 61. Kh1 Qa1+ 62. Kg2 Qb2+ 63. Kh3 Qc3+ 64. Kg2
Qd2+ 65. Kg1 Qe3+ 66. Kf1 Qc1+ 67. Kg2 Qb2+ 68. Kh3 Qc3+ 69. Kg2 Ne7 70. Qf7
Qd2+ 71. Kf1 Qd3+ 72. Ke1 Qe4+ 73. Kd1 Ng6 74. Re8 Qd4+ 75. Ke1 Ne5 76. Qf5
Qe3+ 77. Kf1 Qd3+ 78. Qxd3 Nxd3 79. Ke2 Nb4 80. Kd2 c5 81. Kc3 Ka6 82. Rc8 Kb5
83. Kb3 d4 84. Rc7 c4+ 85. Kb2 Nd3+ 86. Kc2 Kb4 87. Rd7 Kc5 88. Rc7+ Kd5 89.
Rc8 Nb4+ 90. Kc1 c3 91. Rc7 d3 92. Rxc3 Na2+ 0-1

[Event "Gibraltar Chess Festival 2017 - Masters"]
[Site "Gibraltar ENG"]
[Date "2017.01.25"]
[Round "2.119"]
[White "Bopp, Thomas"]
[Black "Day, Christopher"]
[Result "1-0"]
[WhiteElo "2157"]
[BlackElo "1760"]
[PlyCount "75"]
[EventDate "2017.01.24"]
[EventType "swiss"]
[EventRounds "10"]
[EventCountry "ENG"]
[SourceTitle "Ajedrez en Madrid"]
[Source "lmi"]
[SourceDate "2017.01.24"]

1. Nf3 d5 2. c4 c6 3. g3 Nf6 4. Bg2 Bg4 5. Ne5 Bh5 6. cxd5 cxd5 7. O-O e6 8. d4
Nbd7 9. Nd3 Be7 10. Nc3 O-O 11. Nf4 Bg4 12. h3 Bf5 13. g4 Bg6 14. Nxg6 hxg6 15.
Bf4 a6 16. Qd3 Qb6 17. a3 Rac8 18. b4 Rc4 19. Rfd1 Qc6 20. Rac1 Rc8 21. Nb1 Qa4
22. Bd2 Ne4 23. Re1 Bh4 24. Bxe4 Rxc1 25. Bxc1 dxe4 26. Qxe4 Rc2 27. g5 Qb3 28.
Nd2 Rxd2 29. Bxd2 Qxh3 30. Qxb7 Qg4+ 31. Qg2 Qxd4 32. Bc1 Ne5 33. Be3 Qc3 34.
Rc1 Qxa3 35. Rc8+ Kh7 36. Qh2 Qxb4 37. Qxe5 Qb1+ 38. Rc1 1-0

[Event "Gibraltar Chess Festival 2017 - Masters"]
[Site "Gibraltar ENG"]
[Date "2017.01.25"]
[Round "2.120"]
[White "Neumanova, Monika"]
[Black "Chan, Kim Yew"]
[Result "0-1"]
[WhiteElo "1707"]
[BlackElo "2152"]
[PlyCount "28"]
[EventDate "2017.01.24"]
[EventType "swiss"]
[EventRounds "10"]
[EventCountry "ENG"]
[SourceTitle "Ajedrez en Madrid"]
[Source "lmi"]
[SourceDate "2017.01.24"]

1. d4 Nf6 2. c4 e6 3. Nc3 Bb4 4. Qc2 c5 5. dxc5 O-O 6. Nf3 Na6 7. a3 Bxc3+ 8.
Qxc3 Nxc5 9. e3 d5 10. h3 b6 11. Be2 Ba6 12. Qc2 Rc8 13. b4 Nce4 14. a4 Bxc4
0-1

[Event "Gibraltar Chess Festival 2017 - Masters"]
[Site "Gibraltar ENG"]
[Date "2017.01.25"]
[Round "2.121"]
[White "Seyfried, Claus"]
[Black "Chilton, James I"]
[Result "1-0"]
[WhiteElo "2152"]
[BlackElo "1756"]
[PlyCount "73"]
[EventDate "2017.01.24"]
[EventType "swiss"]
[EventRounds "10"]
[EventCountry "ENG"]
[SourceTitle "Ajedrez en Madrid"]
[Source "lmi"]
[SourceDate "2017.01.24"]

1. e4 c5 2. c3 e6 3. d4 d5 4. exd5 exd5 5. Be3 c4 6. b3 cxb3 7. axb3 Nf6 8. Nf3
Bf5 9. Bb5+ Nbd7 10. Ne5 Be7 11. Qf3 Be6 12. O-O O-O 13. Nd2 Nxe5 14. dxe5 Ng4
15. Bd4 f6 16. exf6 Qd6 17. Qg3 Qxg3 18. hxg3 Bxf6 19. Nf3 Bf5 20. Nh4 Bxd4 21.
cxd4 Bc2 22. b4 Rf7 23. Rfc1 Rxf2 24. Bd7 Raf8 25. Bxg4 Be4 26. Be6+ Kh8 27.
Rf1 R2f6 28. Rxf6 Rxf6 29. Rf1 Rxf1+ 30. Kxf1 b6 31. Nf5 a5 32. bxa5 bxa5 33.
Nd6 g5 34. Nxe4 dxe4 35. Ke2 Kg7 36. Ke3 Kf6 37. Bd5 1-0

[Event "Gibraltar Chess Festival 2017 - Masters"]
[Site "Gibraltar ENG"]
[Date "2017.01.25"]
[Round "2.122"]
[White "Weeramantry, Sunil"]
[Black "Kuenitz, Klaus"]
[Result "1-0"]
[WhiteElo "2129"]
[BlackElo "1690"]
[PlyCount "62"]
[EventDate "2017.01.24"]
[EventType "swiss"]
[EventRounds "10"]
[EventCountry "ENG"]
[SourceTitle "Ajedrez en Madrid"]
[Source "lmi"]
[SourceDate "2017.01.24"]

1. e4 e6 2. d4 d5 3. Nc3 dxe4 4. Nxe4 Nd7 5. Nf3 Ngf6 6. Bd3 c5 7. O-O cxd4 8.
Nxd4 Be7 9. c3 O-O 10. Qe2 Nxe4 11. Qxe4 Nf6 12. Qh4 g6 13. Bg5 Nd5 14. Bxe7
Qxe7 15. Qg3 Bd7 16. Rae1 Qf6 17. f4 Rae8 18. f5 exf5 19. Rxe8 Rxe8 20. Bxf5
Bxf5 21. Rxf5 Qd8 22. Re5 a6 23. h3 Nf6 24. Qe3 Rxe5 25. Qxe5 Qb6 26. b4 Nh5
27. a4 Qd8 28. a5 Qh4 29. g4 Ng7 30. Qb8+ Ne8 31. Qxe8+ Kg7 1-0

[Event "Gibraltar Chess Festival 2017 - Masters"]
[Site "Gibraltar ENG"]
[Date "2017.01.25"]
[Round "2.123"]
[White "Beadle, John R"]
[Black "Bendayan Claros, Aaron"]
[Result "0-1"]
[WhiteElo "1544"]
[BlackElo "2128"]
[PlyCount "68"]
[EventDate "2017.01.24"]
[EventType "swiss"]
[EventRounds "10"]
[EventCountry "ENG"]
[SourceTitle "Ajedrez en Madrid"]
[Source "lmi"]
[SourceDate "2017.01.24"]

1. e4 c6 2. d4 d5 3. Nc3 dxe4 4. Nxe4 Nf6 5. Nxf6+ exf6 6. Nf3 Bd6 7. Bd3 O-O
8. O-O Bg4 9. h3 Be6 10. c4 Re8 11. Qc2 Kh8 12. Bxh7 Qd7 13. Re1 Bxc4 14. Rxe8+
Qxe8 15. Qxc4 Kxh7 16. Bd2 Kg8 17. Re1 Qd8 18. Re4 Nd7 19. Qe2 Nf8 20. Nh4 Qd7
21. Qh5 Ne6 22. Nf3 g6 23. Qh6 Bf8 24. Qe3 Qd5 25. a3 Rd8 26. Bc3 Bg7 27. Rg4
f5 28. Rh4 Bf6 29. Qh6 Bxh4 30. Qxh4 Kg7 31. Ne5 f6 32. Nf3 Qe4 33. Qg3 Qf4 34.
Qxf4 Nxf4 0-1

[Event "Gibraltar Chess Festival 2017 - Masters"]
[Site "Gibraltar ENG"]
[Date "2017.01.25"]
[Round "2.124"]
[White "Whatley, Stephen A J"]
[Black "Bullock, Lee"]
[Result "1-0"]
[WhiteElo "2127"]
[BlackElo "1563"]
[PlyCount "43"]
[EventDate "2017.01.24"]
[EventType "swiss"]
[EventRounds "10"]
[EventCountry "ENG"]
[SourceTitle "Ajedrez en Madrid"]
[Source "lmi"]
[SourceDate "2017.01.24"]

1. e4 c5 2. Nf3 d6 3. d4 cxd4 4. Nxd4 Nf6 5. Nc3 a6 6. a4 e5 7. Nf3 h6 8. Bc4
Be6 9. Nd5 Nxd5 10. Bxd5 Bxd5 11. Qxd5 Qc7 12. c3 Nd7 13. O-O Nf6 14. Qd3 O-O-O
15. c4 g5 16. a5 Be7 17. b4 d5 18. cxd5 Bxb4 19. Be3 Nd7 20. Rfc1 Bc5 21. Bxc5
Nxc5 22. Qc4 1-0

[Event "Gibraltar Chess Festival 2017 - Masters"]
[Site "Gibraltar ENG"]
[Date "2017.01.25"]
[Round "2.125"]
[White "Lapusan, Razvan"]
[Black "Burrows, Martin P"]
[Result "0-1"]
[WhiteElo "1525"]
[BlackElo "2124"]
[PlyCount "90"]
[EventDate "2017.01.24"]
[EventType "swiss"]
[EventRounds "10"]
[EventCountry "ENG"]
[SourceTitle "Ajedrez en Madrid"]
[Source "lmi"]
[SourceDate "2017.01.24"]

1. b3 e5 2. Bb2 Nc6 3. c4 Nf6 4. e3 d5 5. d4 exd4 6. exd4 Bf5 7. a3 Be7 8. Bd3
Bxd3 9. Qxd3 O-O 10. Nf3 Re8 11. O-O Bf8 12. c5 Ne7 13. Nbd2 Ng6 14. g3 Ne4 15.
Ne5 Nxe5 16. dxe5 Nxc5 17. Qc2 c6 18. b4 Nd7 19. Nf3 g6 20. Rfe1 Bg7 21. Re2
Nf8 22. Rae1 Ne6 23. Qd2 a5 24. h4 axb4 25. Qxb4 Qe7 26. Qb3 Red8 27. a4 c5 28.
Nh2 h5 29. Nf3 Qd7 30. Bc1 Rxa4 31. Bg5 Rda8 32. Bf6 Ra3 33. Qd1 Rxf3 34. Bxg7
Kxg7 35. Rd2 Rfa3 36. Rxd5 Qa4 37. Qc1 Ra1 38. Qe3 Rxe1+ 39. Qxe1 Qc4 40. Rd7
b5 41. Qe3 Qg4 42. Kg2 Nf4+ 43. Qxf4 Qxd7 44. Qf3 Rd8 45. Kh2 Kg8 0-1

[Event "Gibraltar Chess Festival 2017 - Masters"]
[Site "Gibraltar ENG"]
[Date "2017.01.25"]
[Round "2.126"]
[White "Behrendt, Clemens"]
[Black "Tveten, Per"]
[Result "1-0"]
[WhiteElo "2121"]
[BlackElo "1486"]
[PlyCount "77"]
[EventDate "2017.01.24"]
[EventType "swiss"]
[EventRounds "10"]
[EventCountry "ENG"]
[SourceTitle "Ajedrez en Madrid"]
[Source "lmi"]
[SourceDate "2017.01.24"]

1. Nf3 Nc6 2. d4 d5 3. g3 Bf5 4. Bg2 Nf6 5. O-O h6 6. b3 Nb4 7. Na3 e6 8. c3
Nc6 9. Bb2 Be7 10. Rc1 O-O 11. Nc2 Be4 12. Re1 Nd7 13. Ne3 f5 14. Nf1 f4 15. c4
Bb4 16. N1d2 Bxd2 17. Qxd2 fxg3 18. fxg3 Qe7 19. a3 Rf7 20. Qc3 Raf8 21. Rf1
Rf5 22. Bh3 R5f6 23. Qe3 Rg6 24. Nd2 Rxf1+ 25. Rxf1 Bc2 26. cxd5 Nd8 27. Rc1
Qh4 28. Bg2 Qg5 29. Qxg5 Rxg5 30. Rxc2 c6 31. dxc6 bxc6 32. Bxc6 Nf6 33. Bf3
Nf7 34. Rc8+ Kh7 35. Rc7 Nd6 36. Rxa7 h5 37. Ra6 Nf7 38. Ne4 Nxe4 39. Bxe4+ 1-0

[Event "Gibraltar Chess Festival 2017 - Masters"]
[Site "Gibraltar ENG"]
[Date "2017.01.26"]
[Round "3.3"]
[White "Antipov, Mikhail Al"]
[Black "Yu, Yangyi"]
[Result "1/2-1/2"]
[WhiteElo "2580"]
[BlackElo "2738"]
[PlyCount "118"]
[EventDate "2017.01.24"]
[EventType "swiss"]
[EventRounds "10"]
[EventCountry "ENG"]
[SourceTitle "Ajedrez en Madrid"]
[Source "lmi"]
[SourceDate "2017.01.24"]

1. e4 c6 2. Nf3 d5 3. Nc3 dxe4 4. Nxe4 Nf6 5. Nxf6+ exf6 6. d4 Bd6 7. Bd3 O-O
8. O-O Re8 9. Nh4 g6 10. Bh6 c5 11. dxc5 Bxc5 12. Re1 Be6 13. Be3 Bxe3 14. Rxe3
Nc6 15. Be4 Ne5 16. Qxd8 Raxd8 17. b3 g5 18. Nf3 Re7 19. h4 g4 20. Ne1 Rd4 21.
Nd3 Nxd3 22. Bxd3 Red7 23. Rae1 Kg7 24. g3 R7d5 25. Re4 f5 26. Rxd4 Rxd4 27.
Kf1 h5 28. Ke2 f4 29. c3 Rd5 30. gxf4 Ra5 31. Bb1 Kf6 32. Rd1 Bf5 33. Bxf5
Rxa2+ 34. Ke3 Kxf5 35. Rd7 Ke6 36. Rxb7 Ra1 37. b4 Rc1 38. Rc7 Kd6 39. Rc5 a5
40. Kd2 axb4 41. Rxh5 Rxc3 42. Rg5 Rf3 43. Rxg4 Rxf2+ 44. Kd3 b3 45. h5 Rf3+
46. Kd2 Kc5 47. f5 Rh3 48. Rg7 Kb4 49. Rxf7 Ka3 50. Ra7+ Kb2 51. f6 Rxh5 52. f7
Rh8 53. Re7 Rf8 54. Ra7 Kb1 55. Kc3 b2 56. Kd2 Rh8 57. Kd1 Rc8 58. Kd2 Rc2+ 59.
Ke1 Rc8 1/2-1/2

[Event "Gibraltar Chess Festival 2017 - Masters"]
[Site "Gibraltar ENG"]
[Date "2017.01.26"]
[Round "3.4"]
[White "Vitiugov, Nikita"]
[Black "Donchenko, Alexander"]
[Result "1-0"]
[WhiteElo "2724"]
[BlackElo "2559"]
[PlyCount "119"]
[EventDate "2017.01.24"]
[EventType "swiss"]
[EventRounds "10"]
[EventCountry "ENG"]
[SourceTitle "Ajedrez en Madrid"]
[Source "lmi"]
[SourceDate "2017.01.24"]

1. e4 c5 2. Nc3 a6 3. g3 b5 4. Bg2 Bb7 5. d3 e6 6. Nh3 Nf6 7. O-O d6 8. f4 b4
9. Ne2 Be7 10. Nf2 Nc6 11. g4 Nd7 12. a3 a5 13. Ng3 Qb6 14. axb4 axb4 15. Rxa8+
Bxa8 16. g5 Nd4 17. c3 bxc3 18. bxc3 Nb5 19. Bd2 g6 20. h4 h6 21. Qa1 Bc6 22.
Be3 hxg5 23. hxg5 Qa7 24. Qxa7 Nxa7 25. d4 Nb6 26. dxc5 dxc5 27. Rb1 Nd7 28. e5
Kd8 29. Ra1 Bxg2 30. Kxg2 Nc8 31. Nge4 Kc7 32. Ng4 Ncb6 33. Ngf6 Kb7 34. Kg3
Bf8 35. Rd1 Kc6 36. Nxd7 Nxd7 37. Nf6 Nb6 38. Rd8 Bg7 39. Rd6+ Kb5 40. Ne4 Nc4
41. Rd3 Bf8 42. Bf2 Be7 43. Rd7 Re8 44. Rc7 Nb6 45. Nf6 Bxf6 46. Rxc5+ Ka6 47.
gxf6 Na8 48. Rc6+ Kb7 49. Rd6 Rc8 50. Bd4 Rc6 51. Rd7+ Rc7 52. Re7 Rxe7 53.
fxe7 Nc7 54. Kg4 Kc6 55. c4 Kd7 56. Bc5 Na8 57. Kg5 Ke8 58. Kf6 Nc7 59. Bd6 Na6
60. Kg7 1-0

[Event "Gibraltar Chess Festival 2017 - Masters"]
[Site "Gibraltar ENG"]
[Date "2017.01.26"]
[Round "3.5"]
[White "Naiditsch, Arkadij"]
[Black "Huzman, Alexander"]
[Result "1/2-1/2"]
[WhiteElo "2702"]
[BlackElo "2557"]
[PlyCount "73"]
[EventDate "2017.01.24"]
[EventType "swiss"]
[EventRounds "10"]
[EventCountry "ENG"]
[SourceTitle "Ajedrez en Madrid"]
[Source "lmi"]
[SourceDate "2017.01.24"]

1. e4 e6 2. d4 d5 3. Nc3 Nf6 4. Bg5 dxe4 5. Nxe4 Nbd7 6. Nf3 h6 7. Nxf6+ Nxf6
8. Bh4 c5 9. Ne5 Qa5+ 10. c3 cxd4 11. Qxd4 Bc5 12. Qf4 Bd6 13. Bg3 O-O 14. Be2
Nd5 15. Qd4 Bxe5 16. Qxe5 f6 17. Qh5 e5 18. O-O Qb6 19. Bd3 Be6 20. Qe2 Rad8
21. Kh1 Rd7 22. a4 Rfd8 23. a5 Qc5 24. Rfd1 Ne7 25. f3 Kf7 26. Bf2 Qc6 27. Bc2
Rxd1+ 28. Bxd1 Bc4 29. Qe3 a6 30. Bc2 Rd7 31. h4 Nd5 32. Qe4 Ne7 33. Qe3 Nd5
34. Qe4 Ne7 35. Qh7 Qb5 36. b4 Qd5 37. Be4 1/2-1/2

[Event "Gibraltar Chess Festival 2017 - Masters"]
[Site "Gibraltar ENG"]
[Date "2017.01.26"]
[Round "3.6"]
[White "Cheparinov, Ivan"]
[Black "Schroeder, Jan-Christian"]
[Result "1/2-1/2"]
[WhiteElo "2689"]
[BlackElo "2550"]
[PlyCount "77"]
[EventDate "2017.01.24"]
[EventType "swiss"]
[EventRounds "10"]
[EventCountry "ENG"]
[SourceTitle "Ajedrez en Madrid"]
[Source "lmi"]
[SourceDate "2017.01.24"]

1. d4 d5 2. c4 e6 3. Nf3 Nf6 4. g3 Be7 5. Bg2 O-O 6. O-O dxc4 7. Qc2 a6 8. a4
c5 9. dxc5 Bxc5 10. Nbd2 b5 11. axb5 Bb7 12. Nh4 Nd5 13. bxa6 Bxa6 14. Nxc4 Nc6
15. Ne3 Nd4 16. Qxc5 Nxe2+ 17. Kh1 Nxg3+ 18. hxg3 Bxf1 19. Rxa8 Bxg2+ 20. Nhxg2
Qxa8 21. Nxd5 exd5 22. Be3 Qa1+ 23. Kh2 Qxb2 24. Nf4 Qb7 25. Nxd5 Rd8 26. Ne7+
Kh8 27. Nf5 f6 28. Bd4 Qd7 29. Qb6 Rf8 30. Bc5 Rg8 31. Nd6 Qe6 32. Qb7 h6 33.
Qb1 Rd8 34. Qb6 Rd7 35. Qb8+ Kh7 36. Qb1+ Kh8 37. Qb8+ Kh7 38. Qb1+ Kh8 39.
Qb8+ 1/2-1/2

[Event "Gibraltar Chess Festival 2017 - Masters"]
[Site "Gibraltar ENG"]
[Date "2017.01.26"]
[Round "3.7"]
[White "Zvjaginsev, Vadim"]
[Black "Lagno, Kateryna"]
[Result "1-0"]
[WhiteElo "2679"]
[BlackElo "2530"]
[PlyCount "123"]
[EventDate "2017.01.24"]
[EventType "swiss"]
[EventRounds "10"]
[EventCountry "ENG"]
[SourceTitle "Ajedrez en Madrid"]
[Source "lmi"]
[SourceDate "2017.01.24"]

1. Nf3 g6 2. e4 d6 3. Bc4 c6 4. Bb3 Nf6 5. Qe2 Bg7 6. d4 e5 7. dxe5 dxe5 8.
Nbd2 Nh5 9. Nc4 O-O 10. O-O Qc7 11. Rd1 Na6 12. Nd6 Bg4 13. h3 Bxf3 14. Qxf3
Rad8 15. Nxf7 Rxd1+ 16. Qxd1 Rxf7 17. Be3 Nf6 18. Qd3 Bf8 19. Bxa7 Nc5 20. Bxc5
Bxc5 21. Qc4 Bb6 22. Qxf7+ Qxf7 23. Bxf7+ Kxf7 24. Re1 g5 25. g3 h5 26. Kg2 Ke6
27. a4 Nd7 28. Ra1 Nc5 29. a5 Ba7 30. Kf3 Kd6 31. b4 Ne6 32. c3 Kc7 33. Ke2 b6
34. axb6+ Bxb6 35. Rh1 c5 36. bxc5 Nxc5 37. h4 Nxe4 38. hxg5 Nxg5 39. Rxh5 Ne4
40. Rxe5 Nxc3+ 41. Kf3 Kd6 42. Re1 Nd5 43. Kg2 Ba5 44. Re2 Nc3 45. Re8 Kd7 46.
Re3 Nd5 47. Re5 Kd6 48. f4 Bc7 49. Kf3 Kc6 50. Re4 Kd7 51. g4 Bd6 52. Rd4 Ne7
53. Ke4 Nc6 54. Rc4 Nd8 55. Kf5 Ke7 56. Kg6 Ne6 57. Re4 Kd7 58. Kf5 Nc7 59. g5
Nd5 60. g6 Bf8 61. Rd4 Kd6 62. Ke4 1-0